Culture Générale - Série 481 - Statistiques

Statistiques générales
  • Ce quiz a été pris 165 fois
  • Le résultat moyen est 5 sur 10
Statistiques - réponses
Question Réponse % Correct
En quelle année le général de Gaulle a‐t‐il lancé son appel du 18 juin ? 1940
97%
Quel général français libère Paris à la tête de la 2e division blindée le 24 août 1944 ? Leclerc
68%
Dans la bande dessinée "Tintin et les Picaros", quel est le nom du général qui tente un coup d'Etat ? Alcazar
56%
Selon la légende, quel général de Napoléon aurait prononcé un célèbre juron lors de la bataille de Waterloo en 1815 ? Cambronne
54%
De quelle cité antique Hannibal était‐il un grand général ? Carthage
51%
Quelle chanson de Françoise Hardy débute par "On est bien peu de chose" en 1964 ? Mon amie la rose
40%
Quel fromage alpin bénéficiant d'une appellation d'origine contrôlée a été appelé "prince des gruyères" par le gastronome Brillat‐Savarin ? beaufort
35%
Avec les Ecrins et la Vanoise, quel est le troisième parc national des Alpes ? Le Mercantour
30%
Dans quel film Michel Blanc a‐t‐il "du mal à parler" à cause de ses "dents qui poussent" ? Marche à l'ombre
24%
Quel docteur conquiert pour la première fois le mont Blanc en 1786 ? Paccard
2%
Aucun quiz correspondant
Distribution des résultats
% des personnes avec chaque résultat
Percentile par nombre de réponses
Votre historique - résultats
Vous n’avez pas pris ce quiz